banner-ar

THE OXFORD COMPANION TO WINE / (Record no. 10920)

MARC details
000 -الفاتح
حقل البيانات ثابتة الطول 00421nam a2200157Ia 4500
008 - عناصر البيانات ثابتة الطول - معلومات عامة
حقل البيانات ثابتة الطول 140319s9999 xx 000 0 eng d
040 ## - مصدر الفهرسة
وكالة الفهرسة الأصلية GCL /
وكالة النسخ GCL
082 04 - رقم تصنيف ديوى العشرى
رقم التصنيف 641.22
رقم المادة R O
100 1# - المدخل الرئيسى - إسم شخصى
الإسم الشخصى ROBINSON, JANCIS
245 10 - بيان العنوان
العنوان THE OXFORD COMPANION TO WINE /
بيان المسئوليه,etc ROBINSON, JANCIS
260 ## - PUBLICATION, DISTRIBUTION, ETC. (IMPRINT)
تاريخ النشر أو التوزيع 1994
300 ## - الوصف المادى
التعداد 1088
650 04 - المدخل الاضافى بالموضوع-مصطلح موضوعى
مصطلح موضوعي WINE AND WINE MAKING
942 ## - عناصر المدخل الإضافي( كوها)
مصدر التصنيف او مخطط الترفيف Dewey Decimal Classification
Koha [default] item type كتاب
260 ## - PUBLICATION, DISTRIBUTION, ETC. (IMPRINT)
-- [S.N] :
-- OXFORD UNIVERSITY PRESS ،
Holdings
حالة التراجع حالة الفقد حالة تلف ليس للاعارة المكان المؤقت الموقع الحالى تاريخ الاكتساب اجمالي اﻻعارات رقم الطلب الباركود تاريخ اخر مشاهدة تاريخ تفعيل السعر نوع وعاء كوها
        مكتبة القاهرة الكبرى مكتبة القاهرة الكبرى 03/26/2014   641.22\R O 21861 03/26/2014 03/26/2014 كتاب

Powered By

EGPV